000 00521nam a2200181Ia 4500
008 240729s9999 xx 000 0 und d
022 _a2029-7564
245 0 _aSocial Technologies
260 _aLithuania
260 _bMykolas Romeris University
650 _a Industrial engineering. Management engineering
650 _a Information technology
650 _a Technology (General)
650 _aTechnology
856 _uhttps://doaj.org/toc/d13e7b607a094579aaff672d1c7c1839
942 _2ddc
942 _cDOAJEJ
999 _c65935
_d65935
945 _a1
_bMadushi Gamage
_c1
_dMadushi Gamage